African Flag-Country Matching Quiz - Sudden Death - Statistics

General Stats
  • This quiz has been taken 390 times
  • The average score is 13 of 28
Answers on the Grid
Answers color-coded by a green-red scale on the quiz's grid according to % correct below.
Egypt
Benin
Mauritius
Eritrea
Equatorial Guinea
Burundi
Tunisia
Zimbabwe
Burkina Faso
Algeria
Namibia
Senegal
Zambia
Ghana
Madagascar
Chad
Djibouti
Uganda
Kenya
Tanzania
Mali
Morocco
Central African Republic
Angola
Libya
Gambia
South Africa
Mozambique
São Tomé and Príncipe
Lesotho
Eswatini
Malawi
Cameroon
Gabon
Nigeria
Rwanda
Guinea
Togo
Guinea Bissau
Republic of the Congo
Niger
Ethiopia
Somalia
Mauritania
Sierra Leone
D. R. Congo
Botswana
Comoros
Cape Verde
Liberia
Seychelles
Sudan
Ivory Coast
South Sudan
 
Answer Stats
Answer % Correct
Egypt
Egypt
56%
Morocco
Morocco
53%
Seychelles
Seychelles
52%
Tunisia
Tunisia
51%
Uganda
Uganda
50%
Algeria
Algeria
49%
Liberia
Liberia
49%
Botswana
Botswana
49%
Niger
Niger
48%
Angola
Angola
47%
Lesotho
Lesotho
47%
Somalia
Somalia
47%
Ivory Coast
Ivory Coast
46%
Chad
Chad
45%
Nigeria
Nigeria
45%
Central African Republic
Central African Republic
44%
Gabon
Gabon
44%
Eritrea
Eritrea
43%
Mozambique
Mozambique
43%
Mauritania
Mauritania
43%
Malawi
Malawi
42%
South Sudan
South Sudan
42%
Equatorial Guinea
Equatorial Guinea
41%
Burkina Faso
Burkina Faso
38%
Ghana
Ghana
38%
Sierra Leone
Sierra Leone
37%
Guinea Bissau
Guinea Bissau
36%
Togo
Togo
31%
No matching quizzes found
Score Distribution
Percent of People with Each Score
Percentile by Number Answered
Your Score History
You have not taken this quiz